The Assembly Programming Master Book (Record no. 1112)
[ view plain ]
| 000 -LEADER | |
|---|---|
| Fixed length control field | 00443nam a2200169 4500 |
| 003 - CONTROL NUMBER IDENTIFIER | |
| Control field | SEACOMEC |
| 005 - DATE AND TIME OF LATEST TRANSACTION | |
| Control field | 20240515155611.0 |
| 008 - FIXED-LENGTH DATA ELEMENTS--GENERAL INFORMATION | |
| Fixed length control field | 240515b |||||||| |||| 00| 0 eng d |
| 020 ## - INTERNATIONAL STANDARD BOOK NUMBER / ISBN | |
| Price | Rs.395.00 |
| 040 ## - CATALOGING SOURCE | |
| Original cataloging agency | SEACOMEC |
| 082 ## - DEWEY DECIMAL CLASSIFICATION NUMBER | |
| Classification number | 005.136 |
| Book Number | P963 |
| 100 ## - MAIN ENTRY--PERSONAL NAME | |
| Personal name | Pirogov, Vlad |
| 245 1# - TITLE STATEMENT | |
| Title | The Assembly Programming Master Book |
| Statement of responsibility | Vlad Pirogov |
| 260 ## - IMPRINT | |
| Place of publication | New Delhi |
| Name of publisher | Firewall media |
| Date of publication | 2007 |
| 650 ## - SUBJECT ADDED ENTRY--TOPICAL TERM | |
| Topical term | Programming Language |
| 942 ## - ADDED ENTRY ELEMENTS (KOHA) | |
| Koha item type | Books |
| Withdrawn status | Lost status | Source of classification | Damaged status | Not for loan | Home library | Current library | Date acquired | Total Checkouts | Call number | Accession number | Date last seen | Price effective from | Koha item type | Copy number |
|---|---|---|---|---|---|---|---|---|---|---|---|---|---|---|
| Dewey Decimal Classification | SEACOM ENGINEERING COLLEGE | SEACOM ENGINEERING COLLEGE | 29/11/2007 | 005.136 P963 | 8829 | 15/05/2024 | 15/05/2024 | Books | ||||||
| Dewey Decimal Classification | SEACOM ENGINEERING COLLEGE | SEACOM ENGINEERING COLLEGE | 29/11/2007 | 005.136 P963 | 8830 | 15/05/2024 | 15/05/2024 | Books | 1 | |||||
| Dewey Decimal Classification | SEACOM ENGINEERING COLLEGE | SEACOM ENGINEERING COLLEGE | 29/11/2007 | 005.136 P963 | 8831 | 15/05/2024 | 15/05/2024 | Books | 2 |
